| 000 | 00397nam a2200145Ia 4500 | ||
|---|---|---|---|
| 008 | 230312s9999||||xx |||||||||||||| ||und|| | ||
| 020 | _a9781285432274 | ||
| 082 |
_a005.369 _bMAY-F |
||
| 100 | _aBeda,Joe | ||
| 245 | 0 | _aKubernetes : up and running : dive into the future of infrastructure | |
| 260 |
_bCengage _aUSA _c2015 |
||
| 300 | _a520 | ||
| 650 |
_aComputer _vComputer Programs |
||
| 942 | _cBK | ||
| 999 |
_c17536 _d17536 |
||